1801 2000 1767 1016 1623 1996 1806 1949 1680 1436 1015 1336 1371 1284 1024 1903 1200 1196 1001 1601 1857 1349 1548 1687 1638 1036 1670 1994 1664 1541 1393 1513 1346 1561 1923 1973 1758 1443 1620 1533 1251 1911 1943 1963 1181 1295 1947 1167 1518 1641 1891 1220 1935 1955 1792 1811 1056 1965 1626 1606 1430 1382 1709 1670 1277 1667 1923 1817 1549 1411 1257 1384 1945 1314 1275 1377 1820 1082 1308 1755 1062 1754 1308 1843 1340 1197 1477 1913 1931 1991 1145 1912 1126 1494 1746 1019 1671 1793 1343 BCNSPRNW ULIB Ver.6.0+V

เปลี่ยนเป็นภาษาไทย

Change to English
 แสดงรายละเอียดบรรณานุกรม
  กลับหน้าหลัก

Brief Record : Get Marc (ISO 2709) : E-mail record : QR code < ปิดหน้าต่าง
LEADER : 00000nas 2200000uu 4500
001    13399124231
003     ULIB
008    020711s|||| th a 000 0 tha d
022    08588899
110    สำนักงานป้องกันควบคุมโรคที่ 7
245    วารสารสำนักงานป้องกันควบคุมโรคที่ 7 ขอนแก่น/^cสำนักงานป้องกันควบคุมโรคที่ 7
260    ขอนแก่น :^bสำนักงานป้องกันควบคุมโรคที่ 6,^cม.ป.ป.
310    ^aราย 6 เดือน
700    ขอนแก่น
850 ^a ULIB:campus^bปีที่ 21 ฉบับที่ 2 ฉ.1 ;ปีที่ 22 ฉบับที่ 1 ฉ.1 ;ปีที่ 22 ฉบับที่ 1 ฉ.1 ;ปีที่ 22 ฉบับที่ 2 ฉ.1 ;ปีที่ 23 ฉบับที่ 1 ฉ.1 ;ปีที่ 23 ฉบับที่ 2 ฉ.1
945    ^p0^l0^i801161
945    ^p0^l0^i801365
945    ^p0^l0^i801454
945    ^p0^l0^i801711
945    ^p0^l0^i801712
945    ^p0^l0^i801809
999    ^aกัณชพร
รายการนี้ยังไม่มีแท็ก
คุณยังไม่ได้ล็อกอิน คุณสามารถมีกิจกรรมร่วมกับเว็บไซต์ได้ แต่ต้องล็อกอินก่อน ::
  ล็อกอิน

รายการสื่อสารสนเทศ (วารสาร)

ดูแบบ: กล่อง รายการ
ARRIVED
ปีที่ 21 ฉบับที่ 2 ฉ.1
สถานที่: ห้องสมุดวิทยาเขตนครสวรรค์ >วารสาร
ARRIVED
ปีที่ 22 ฉบับที่ 1 ฉ.1
สถานที่: ห้องสมุดวิทยาเขตนครสวรรค์ >วารสาร
ARRIVED
ปีที่ 22 ฉบับที่ 2 ฉ.1
สถานที่: ห้องสมุดวิทยาเขตนครสวรรค์ >วารสาร
ARRIVED
ปีที่ 23 ฉบับที่ 1 ฉ.1
สถานที่: ห้องสมุดวิทยาเขตนครสวรรค์ >วารสาร
ARRIVED
ปีที่ 23 ฉบับที่ 2 ฉ.1
สถานที่: ห้องสมุดวิทยาเขตนครสวรรค์ >วารสาร

BibComment


ยังไม่เคยถูกคอมเมนท์

คอมเมนท์ทรัพยากรรายการนี้
  คอมเมนท์: วารสารสำนักงานป้อ..


 Copyright 2026. Bcnsprnw @Library